Las aventuras de Vania el forzudo / (Registro nro. 8454)
[ vista simple ]
| 000 -LIDER | |
|---|---|
| fixed length control field | 00925nam a22002777a 4500 |
| 003 - IDENTIFICACDOR DE NÚMERO DE CONTROL | |
| control field | DO-SdBNP |
| 005 - DATE AND TIME OF LATEST TRANSACTION | |
| control field | 20180219134909.0 |
| 008 - ELEMENTOS DE LONGITUD FIJA | |
| fixed length control field | 151026b 1992 sp a |||| 00| 0 spa d |
| 020 ## - ISBN | |
| International Standard Book Number | 843480820X |
| 040 ## - FUENTE DE CATALOGACIÓN | |
| Agencia que crea de manera original el registro | BPMSU |
| Idioma de catalogación | spa |
| Agencia que realiza la transcripción | BPMSU |
| 100 ## - ASIENTO PRINCIPAL -- NOMBRE PERSONAL | |
| Nombre personal | Preussler, Otfried |
| 240 ## - TITULO UNIFORME | |
| Título uniforme | Die abenteuer des starken wanja/ |
| 245 ## - MENCIÓN DE TITULO | |
| Título | Las aventuras de Vania el forzudo / |
| Mención de responsabilidad | Otfried Preussler ; traducción Manuel Olasagasti |
| 250 ## - MENCIÓN DE EDICION | |
| Mención de edición | 18 ed. |
| 260 ## - PUBLICACIÓN, DISTRIBUCIÓN, ETC. (PIE DE IMPRENTA) | |
| Lugar de publicación, distribución, etc | Madrid : |
| Nombre del editor, distribuidor, etc. | SM |
| Fecha de publicación, distribución, etc | 1992. |
| 300 ## - DESCRIPCIÓN FÍSICA | |
| Extensión | 189 p. |
| Otros detalles físicos | il. |
| Medida de la unidad | 20 cm |
| 490 0# - MENCIÓN DE SERIES | |
| Mención de serie | El barco de vapor |
| Volume/sequential designation | 1 |
| 500 ## - NOTA GENERAL | |
| Nota general | Declarado libro de interés infantil por el Ministerio de Cultura Español 1980. |
| 521 ## - TARGET AUDIENCE NOTE | |
| Target audience note | A partir de 9 años. |
| 585 ## - NOTA DE PREMIOS | |
| Nota de premios | Premio Silberner Griffel al libro juvenil holandés. |
| 700 12 - ASIENTO SECUNDARIO -- NOMBRE PERSONAL | |
| Nombre personal | Olasagasti, Manuel |
| Mención de responsabilidad | trad. |
| 830 #0 - ASIENTO SECUNDARIO DE SERIE--TÍTULO UNIFORME | |
| Título uniforme | El barco de vapor |
| Información miscelánea | Naranja |
| Volume number/sequential designation | 1 |
| 942 ## - ADDED ENTRY ELEMENTS (KOHA) | |
| Source of classification or shelving scheme | Dewey Decimal Classification |
| Koha item type | Libros |
| 945 ## - INFORMACIÓN DE PROCESAMIENTO LOCAL | |
| Información de procesamiento local | Inventariado, 2018/ YL |
| 956 ## - LOCAL ELECTRONIC LOCATION AND ACCESS (OCLC) | |
| Nombre de host | daysi garcia |
| Withdrawn status | Lost status | Source of classification or shelving scheme | Damaged status | Not for loan | Collection code | Home library | Current library | Date acquired | Total Checkouts | Date last seen | Price effective from | Koha item type |
|---|---|---|---|---|---|---|---|---|---|---|---|---|
| Dewey Decimal Classification | Colección Infantil General | Biblioteca Pública Metropolitana Salomé Ureña | Biblioteca Pública Metropolitana Salomé Ureña | 12/01/2015 | 12/01/2015 | 12/01/2015 | Libros |